Imiona nadane dziewczynkom w 2016 roku - Statystyki

Ogólne statystyki
  • Ten quiz został rozwiązany 43 razy
  • Średni wynik to 66 z 100
Statystyki odpowiedzi
Odpowiedź % Poprawnych
A Anna
97%
J Julia
97%
N Natalia
97%
Z Zuzanna
97%
H Hanna
93%
L Lena
93%
Z Zofia
93%
V Victoria
90%
W Wiktoria
90%
A Aleksandra
87%
A Alicja
87%
E Ewa
87%
M Magdalena
87%
O Olivia
87%
O Oliwia
87%
W Weronika
87%
J Joanna
83%
K Katarzyna
83%
M Maria
83%
P Patrycja
83%
K Karolina
80%
K Kinga
80%
M Maja
80%
M Maya
80%
B Barbara
77%
I Izabela
77%
L Laura
77%
L Lilianna
77%
M Małgorzata
77%
M Martyna
77%
M Michalina
77%
M Milena
77%
N Nadia
77%
P Paulina
77%
R Róża
77%
A Amelia
73%
D Daria
73%
L Liliana
73%
O Olga
73%
P Pola
73%
U Urszula
73%
A Agata
70%
A Anastazja
70%
H Helena
70%
I Iga
70%
K Kornelia
70%
L Lidia
70%
Ł Łucja
70%
M Marianna
70%
M Marta
70%
M Monika
70%
N Nicola
70%
N Nikola
70%
A Agnieszka
67%
A Antonina
67%
D Dominika
67%
S Sara
67%
E Eliza
63%
J Jagoda
63%
K Klaudia
63%
A Adrianna
60%
E Emilia
60%
K Kamila
60%
M Marcelina
60%
M Matylda
60%
N Nina
60%
S Sandra
60%
V Vanessa
60%
A Ada
57%
B Bianka
57%
B Blanka
57%
G Gabriela
57%
I Inga
57%
J Justyna
57%
K Klara
57%
M Malwina
57%
M Marlena
57%
R Rozalia
57%
A Aniela
53%
D Dorota
53%
K Kaja
53%
R Roksana
53%
M Melania
50%
I Ida
47%
N Nel
47%
L Liwia
43%
M Mia
43%
Z Zoja
43%
K Kalina
40%
N Nela
40%
A Apolonia
37%
A Aurelia
37%
M Marika
37%
E Elena
33%
E Emma
33%
N Natasza
33%
T Tola
33%
D Diana
30%
J Jowita
30%
K Karina
23%
Nie znaleziono quizów pasujących do podanych kryteriów
Rozkład punktacji
Procent ludzi z każdym wynikiem
Percentyl według liczby udzielonych odpowiedzi
Twoja historia wyników
Nie rozwiązałeś tego quizu